000 00617cab a22001935a 4500
001 L147296
008 090427e20090424xxk f 000 0 eng d
035 _a(Sirsi) u147296
041 0 _aeng
100 1 _aNeale, Jon
245 0 0 _aValues at half mast
260 _c2009
490 0 _aProperty Week
_v75(17) 24 April 2009, 38(1)
520 _aExplains that a weak economy has led to an unprecedented fall in values in the South-East land values and house prices. Tables.
590 _aKA
651 4 _aSouth East (England)
690 _aPROPERTY-RESIDENTIAL PROPERTY- RESIDENTIAL PROPERTY MARKET
942 _n0
999 _c81472
_d81472